EDUCATIONAL PSYCHOLOGY (Record no. 15067)
[ view plain ]
| 000 -LEADER | |
|---|---|
| fixed length control field | 00252nam a22001217a 4500 |
| 003 - CONTROL NUMBER IDENTIFIER | |
| control field | SGT |
| 082 ## - DEWEY DECIMAL CLASSIFICATION NUMBER | |
| Classification number | 150 |
| Item number | E17W |
| 100 ## - MAIN ENTRY--PERSONAL NAME | |
| Personal name | WOOLFOLK, ANITA |
| 245 ## - TITLE STATEMENT | |
| Title | EDUCATIONAL PSYCHOLOGY |
| 260 ## - PUBLICATION, DISTRIBUTION, ETC. (IMPRINT) | |
| Place of publication, distribution, etc | INDIA |
| Name of publisher, distributor, etc | PERSON |
| Year of Publication | 2017 |
| 300 ## - PAGE DESCRIPTION | |
| No. of Pages | 675 |
| 942 ## - ADDED ENTRY ELEMENTS (KOHA) | |
| Source of classification or shelving scheme | Dewey Decimal Classification |
| Koha item type | Books |
| Withdrawn status | Lost status | Source of classification or shelving scheme | Damaged status | Not for loan | Collection code | Home library | Current library | Shelving location | Date acquired | Vendor Name | Cost, normal purchase price | SGTU | Bill Number | Total Checkouts | Full call number | Accession No. (Barcode) | Date last seen | Date last borrowed | Bill Date | Koha item type |
|---|---|---|---|---|---|---|---|---|---|---|---|---|---|---|---|---|---|---|---|---|
| Dewey Decimal Classification | MEDICAL | SGT Engineering Library | SGT Engineering Library | Reference Book | 05/02/2018 | ABC | 699.00 | SGTU | 9089 | 2 | 150 E17W | FM10386 | 04/12/2018 | 17/11/2018 | 13/12/2017 | Books | ||||
| Dewey Decimal Classification | MEDICAL | SGT Engineering Library | SGT Engineering Library | Reference Book | 05/02/2018 | ABC | 699.00 | SGTU | 9089 | 2 | 150 E17W | FM10387 | 17/10/2018 | 03/10/2018 | 13/12/2017 | Books | ||||
| Dewey Decimal Classification | MEDICAL | SGT Engineering Library | SGT Engineering Library | Reference Book | 05/02/2018 | ABC | 699.00 | SGTU | 9089 | 1 | 150 E17W | FM10388 | 08/11/2018 | 15/10/2018 | 13/12/2017 | Books |